Compendio de estética / (Record no. 156676)

MARC details
000 -LEADER
campo de control de longitud fija 00998nam a2200241 i 4500
001 - NÚMERO DE CONTROL
campo de control 156676
003 - IDENTIFICADOR DE NÚMERO DE CONTROL
campo de control ES-MaACL
005 - FECHA Y HORA DE LA ÚLTIMA TRANSACCIÓN
campo de control 20250823104415.0
008 - DATOS DE LONGITUD FIJA--INFORMACIÓN GENERAL
campo de control de longitud fija 040803s1883 sp |||| | spa d
100 1# - ENTRADA PRINCIPAL--NOMBRE DE PERSONA
Nombre de persona Krause, Karl Christian Friedrich.
9 (RLIN) 68762
245 10 - MENCIÓN DEL TÍTULO
Título Compendio de estética /
Mención de responsabilidad, etc. Krause ; traducido del alemán y anotado por Francisco Giner.
250 ## - MENCION DE EDICION
Mención de edición 2ª ed., aum. con la Teoría de la música, del mismo autor.
260 ## - PUBLICACIÓN, DISTRIBUCIÓN, ETC.
Lugar de publicación, distribución, etc. Madrid :
Nombre del editor, distribuidor, etc. Librería de V. Suárez,
Fecha de publicación, distribución, etc. 1883 (
Fabricante Imp. de la Viuda de J.M. Pérez)
300 ## - DESCRIPCIÓN FÍSICA
Extensión XV, 224 p. ;
Dimensiones 18 cm.
530 ## - NOTA DISPONIBLE DE FORMULARIO FÍSICO ADICIONAL
Nota de formato físico adicional disponible Disponible en formato digital.
650 #7 - PUNTO DE ACCESO ADICIONAL DE MATERIA--TÉRMINO DE MATERIA
Término de materia o nombre geográfico como elemento de entrada Música-
Subdivisión general Teoría
Fuente del encabezamiento o término
9 (RLIN) 139211
650 #7 - PUNTO DE ACCESO ADICIONAL DE MATERIA--TÉRMINO DE MATERIA
Término de materia o nombre geográfico como elemento de entrada Estética
Fuente del encabezamiento o término embne
9 (RLIN) 142387
700 1# - ENTRADA AGREGADA--NOMBRE PERSONAL
Nombre de persona Giner de los Ríos, Francisco,
Fechas asociadas al nombre 1839-1915
9 (RLIN) 57122
852 ## - LOCALIZACIÓN
Ubicación ES-MaACL
Número de control de estantería F-12777
Nota libre - Enc. hol.
852 ## - LOCALIZACIÓN
Ubicación ES-MaACL
Número de control de estantería G-10103
Nota libre - Enc. tela
-- - Legado Calderón
856 ## - LOCALIZACIÓN Y ACCESO ELECTRÓNICOS
Identificador Uniforme de Recursos <a href="http://bdh-rd.bne.es/viewer.vm?id=0000246756&page=1 ">http://bdh-rd.bne.es/viewer.vm?id=0000246756&page=1 </a>
Nota pública Biblioteca Digital Hispánica
Holdings
Estatus retirado Estado de pérdida Estado de daño No para préstamo Colección Biblioteca de origen Biblioteca actual Ubicación en estantería Fecha de adquisición Fuente de adquisición Total de préstamos Signatura topográfica completa Código de barras Visto por última vez Precio de reemplazo Tipo de ítem Koha
        Colección digital Biblioteca del Ateneo de Madrid Biblioteca del Ateneo de Madrid Sala Pecera Planta 3 17/01/2008     G-10103 1163920 23/02/2023 23/02/2023 Libro impreso antiguo
        Colección digital Biblioteca del Ateneo de Madrid Biblioteca del Ateneo de Madrid Sala Pecera Planta 2 17/01/2008     F-12777 1163919 23/02/2023 23/02/2023 Libro impreso antiguo